| 000 | 01034cam a22003135a 4500 | ||
|---|---|---|---|
| 001 | 17908097 | ||
| 003 | PILC | ||
| 005 | 20160119084131.0 | ||
| 008 | 131017s2015 ctu 000 0 eng | ||
| 010 | _a 2013952161 | ||
| 020 | _a9781285459967 (hardcover) | ||
| 020 | _a1285459962 (hardcover) | ||
| 040 |
_aDLC _cDLC |
||
| 042 | _apcc | ||
| 050 |
_aBF 713 _b.N462 2015 |
||
| 100 | 1 |
_aNewman, Barbara M., _eauthor. |
|
| 240 | 1 | 0 | _aLife-span development |
| 245 | 1 | 0 |
_aDevelopment through life : _ba psychosocial approach / _cBarbara M. Newman, Philip R. Newman. |
| 250 | _a12th edition. | ||
| 260 |
_aUSA : _bCengage Learning, _c2015. |
||
| 300 |
_axxvii, 629 pages : _c29 cm. _billustrations (some color) ; |
||
| 500 | _aPrevious edition: published as Life-span development. 2012. | ||
| 650 | 0 | _aDevelopmental psychology. | |
| 700 | 1 |
_aNewman, Philip R., _eauthor. |
|
| 906 |
_a0 _bibc _corigres _d2 _encip _f20 _gy-gencatlg |
||
| 942 |
_2lcc _cBK _kFOR |
||
| 999 |
_c290440 _d290440 |
||